01540 2200409 4500001002100000005001500021035002000036007000300056008004100059020002200100040002200122082001700144084001900161090002300180090002200203100003200225245029600257250003500553300002900588650003200617700003700649700003500686700004400721700004000765700002500805700003000830700003200860700002700892700004200919850001200961264003900973336002101012337003001033338002301063999002201086990002201108INLIS00000000085635320200716094126 a0010-0720000566ta200716s2013 yoi g p ind d a978-602-7858-63-3 aYOPDYOGbinderda04223a899.2211 a899.2211 SIW k aDEP 899.2211 SIW k aCB-D.11 2013-18720 aSiwi Dwi SaputroePengarang1 aKata-kata yang menggoda :bantologi puisi 10 penyair perempuan kelompok studi sastra bianglala /cSiwi Dwi Saputro, Ruth Mey Nila, Yanti Riswara Idris, Wanda Rosanti Muchtar, Enge Rika Lilyana, Ida Akmal, Ilmiyati Badri, Yus Marni, Sri Mujiati, Pingkan Djayasupena; penyunting, Ruth Mey Nila aCetakan pertama, Desember 2013 axl, 179 halaman ;c21 cm 4aPuisi Indonesia--xKumpulan0 aRuth Mey Nilad1967-ePenyunting0 aYanti Riswara IdrisePengarang0 aWanda Rosanti Muchtard1970-ePengarang0 aEnge Rika Lilyanad1971-ePengarang0 aIda AkmalePengarang0 aIlmiyati BadriePengarang0 aYus Marnid1971-ePengarang0 aSri MujiatiePengarang0 aPingkan Djayasupenad1965-ePengarang aYOPDYOG31aYogyakarta :bSmart Writing,c2013 2rdacontentateks 2rdamediaatanpa perantara 2rdacarrieravolume aCB-D.11/2013-1872 aCB-D.11/2013-1872